Proč jsem konzervativcem?

Guardado en:
Detalles Bibliográficos
Autor principal: Klaus, Václav
Formato: Libro
Lenguaje:checo
Publicado: Praha Top Agency 1992
Edición:1. vyd.
Materias:
Etiquetas: Agregar Etiqueta
Sin Etiquetas, Sea el primero en etiquetar este registro!

MARC

LEADER 00000nam a2200000 4500
001 c001131
005 20221214090426.0
020 |a 80-900626-7-9 
041 0 |a cze 
044 |a CZ 
245 1 0 |a Proč jsem konzervativcem?  |c Václav Klaus 
250 |a 1. vyd. 
264 1 |a Praha  |b Top Agency  |c 1992 
300 |a 118 s. 
610 2 0 |a reformy hospodárske 
610 2 0 |a ČSFR 
610 2 0 |a Klaus, V. 
610 2 0 |a hospodárstvo trhové 
610 2 0 |a privatizácia 
100 1 |a Klaus, Václav